| 000 | 00785nam a2200205Ia 4500 | ||
|---|---|---|---|
| 003 | LDD | ||
| 005 | 20231206110800.0 | ||
| 008 | 190117s9999 xx 000 0 und d | ||
| 020 |
_a9788126315536 _c₹110 |
||
| 040 | _cLDD | ||
| 041 | _ahi | ||
| 082 | _a8H1.71 श्री6801अ | ||
| 100 |
_aश्रीवास्तव, जितेन्द्र (Jitendra Srivastava) _918982 |
||
| 245 | 0 |
_aअसुन्दर सुन्दर (Asunder Sunder) _cजितेन्द्र श्रीवास्तव (Jitendra Srivastava) |
|
| 260 |
_aनई दिल्ली _bभारतीय ज्ञानपीठ _c2008 |
||
| 300 | _a122 | ||
| 901 | _aBJ | ||
| 904 | _aReqst by : Satyakam | ||
| 942 |
_2ddc _cH |
||
| 999 |
_c172286 _d172286 |
||